01227nam a2200313 a 4500001001200000003000800012006001900020007001500039008004100054020002900095020002900124020002700153040002100180035002100201050002500222100001900247245010700266260004600373300002400419504005100443533015200494650002400646650002800670655002900698700002400727710001700751856012600768999001900894ebr10381775CaPaEBRm u cr cn|||||||||100603s2010 enka sb 001 0 eng d z9781847351173 (hardback) z9781847351180 (softback) z9781847351197 (e-book) aCaPaEBRcCaPaEBR a(OCoLC)65959074114aQR92.P59bK86 2010eb1 aKumar, Sudesh.10aPractical guide to microbial polyhydroxyalkanoatesh[electronic resource] /cKumar Sudesh, Hideki Abe. aShawbury, Shropshire :biSmithers,c2010. avii, 149 p. :bill. aIncludes bibliographical references and index. aElectronic reproduction.bPalo Alto, Calif. :cebrary,d2010.nAvailable via World Wide Web.nAccess may be limited to ebrary affiliated libraries. 0aMicrobial polymers. 0aPlasticsxMicrobiology. 7aElectronic books.2local1 aAbe, Hideki,d1962-2 aebrary, Inc.40uhttp://site.ebrary.com/lib/rucke/Doc?id=10381775zAn electronic book accessible through the World Wide Web; click to view c103286d103286